000 00711nam a2200289Ia 4500
005 20260324144339.0
008 008 260324s9999 xx 000 0 eng d
020 _a9781315149769
037 _aEBOOK
040 _aCRL
040 _beng
040 _cCRL
041 _2eng
041 _aeng
084 _qCRL
100 _aPhilippe Aydalot; David Keeble
_91218983
245 0 _aHigh Technology Industry and Innovative Environments
245 4 _bThe European Experience
260 _bTaylor and Francis
260 _c1988
365 _a
365 _b205
856 _uhttp://www.taylorfrancis.com/books/9781315149769
942 _cEBOOK
999 _c1825487
_d1825487